[Event "NATO-ch 27th"]
[Site "Shrivenham"]
[Date "2016.08.25"]
[Round "5"]
[White "Allmann, Lauri"]
[Black "Chwieseni, Edward"]
[Result "1-0"]
[WhiteElo "1873"]
[BlackElo "1725"]
[PlyCount "107"]
[EventDate "2016.08.22"]
[EventType "swiss"]
[EventRounds "7"]
[EventCountry "ENG"]
[SourceTitle "EXT 2018"]
[Source "ChessBase"]
[SourceDate "2017.10.13"]
[SourceVersion "1"]
[SourceVersionDate "2017.10.13"]
[SourceQuality "1"]

1. c4 Nf6 2. Nc3 e6 3. g3 Bb4 4. Bg2 0-0 5. a3 Be7 6. e3 d5 7. cxd5 Nxd5 8. Nge2 Nc6 9. 0-0 Rb8 10. Qc2 Ne5 11. d4 Ng6 12. b4 b6 13. Rd1 Bb7 14. Bb2 Nxc3 15. Nxc3 Bxg2 16. Kxg2 Bf6 17. Rac1 Rc8 18. f3 Qd7 19. Ne4 Be7 20. Rd3 f5 21. Nd2 Bf6 22. Qc4 Qd5 23. Qa6 h5 24. Qxa7 Qb5 25. Nc4 e5 26. dxe5 Nxe5 27. a4 Qxb4 28. Ba3 Nxd3 29. Bxb4 Nxb4 30. Nd2 Nd5 31. e4 fxe4 32. Nxe4 Ne3+ 33. Kh1 Be5 34. f4 Bxf4 35. gxf4 Rxf4 36. Ng3 h4 37. Ne2 Rf2 38. Rxc7 Rxc7 39. Qxc7 Rxe2 40. Qd8+ Kf7 41. Qxh4 g6 42. h3 Nf5 43. Qc4+ Re6 44. h4 Ke7 45. Kh2 Kf7 46. Kh3 Ke7 47. Qc7+ Kf6 48. Qd8+ Ke5 49. Kg4 Nh6+ 50. Kf3 Nf5 51. Qh8+ Rf6 52. Kg4 Ke6 53. Kg5 Ne7 54. Qxf6+ 1-0

[Event "NATO-ch 27th"]
[Site "Shrivenham"]
[Date "2016.08.24"]
[Round "4"]
[White "Chwieseni, Edward"]
[Black "Musselman, Charles"]
[Result "1/2-1/2"]
[WhiteElo "1725"]
[BlackElo "1854"]
[PlyCount "220"]
[EventDate "2016.08.22"]
[EventType "swiss"]
[EventRounds "7"]
[EventCountry "ENG"]
[SourceTitle "EXT 2018"]
[Source "ChessBase"]
[SourceDate "2017.10.13"]
[SourceVersion "1"]
[SourceVersionDate "2017.10.13"]
[SourceQuality "1"]

1. e4 Nc6 2. Nf3 d6 3. Bb5 Bd7 4. d4 Nf6 5. Nc3 a6 6. Bc4 Bg4 7. Bg5 e6 8. d5 Ne5 9. Be2 Bxf3 10. Bxf3 h6 11. Bf4 Ng6 12. Be3 e5 13. Qd2 Be7 14. h4 Nh7 15. g3 Qd7 16. Qe2 Nf6 17. 0-0-0 b5 18. Rdg1 b4 19. Nb1 Qa4 20. Qc4 0-0 21. h5 Nh8 22. g4 Nh7 23. b3 Qxa2 24. Qxb4 Rfb8 25. Qa3 Qxa3+ 26. Nxa3 a5 27. Kd2 a4 28. bxa4 Rxa4 29. Nb1 Ng5 30. Bxg5 Bxg5+ 31. Kd3 f6 32. Rd1 Rb2 33. Rhe1 Bh4 34. Re2 Ra1 35. Nc3 Ra3 36. Kc4 Rb6 37. Bg2 c5 38. Rb1 Rxc3+ 39. Kxc3 Rxb1 40. f3 Bg5 41. Kd3 Bf4 42. c4 Rb3+ 43. Kc2 Ra3 44. Kb2 Ra6 45. Kc3 Bc1 46. Kc2 Ra2+ 47. Kd1 Rxe2 48. Kxe2 Kf7 49. Kd1 Be3 50. Ke2 Bd4 51. Kd3 Ke7 52. Kc2 Kd7 53. Kb3 Kc7 54. Ka4 Kb6 55. Bf1 Nf7 56. Be2 Ng5 57. Bd1 Nh3 58. Be2 Nf2 59. Bf1 Nd1 60. Kb3 Ka5 61. Be2 Nc3 62. Bf1 Kb6 63. Kc2 Kc7 64. Kd2 Kd7 65. Bd3 Na2 66. Bf1 Kc7 67. Kc2 Kb6 68. Kb3 Nb4 69. Be2 Ka5 70. Bf1 Na6 71. Be2 Nb8 72. Bf1 Nd7 73. Bg2 Nf8 74. Bf1 g6 75. Bh3 gxh5 76. gxh5 Nh7 77. Bf5 Ng5 78. Bg4 Kb6 79. Ka4 Bc3 80. Kb3 Bb4 81. Ka4 Ba5 82. Kb3 Nf7 83. Be6 Nd8 84. Bf5 Nb7 85. Ka4 Bd2 86. Bh3 Kc7 87. Kb5 Na5 88. Bf1 Kd8 89. Kb6 Ke7 90. Kc7 Nb3 91. Be2 Ba5+ 92. Kb7 Nd4 93. Bd1 f5 94. Kc8 f4 95. Kb7 Kd7 96. Ba4+ Kd8 97. Bd1 Bc7 98. Ka6 Ke8 99. Kb7 Bd8 100. Kc8 Be7 101. Kc7 Bf8 102. Kc8 Ke7 103. Kc7 Kf6 104. Kd7 Kg5 105. Ke8 Bg7 106. Ke7 Nf5+ 107. exf5 Kxf5 108. Bc2+ Kg5 109. Bg6 e4 110. Bxe4 Be5 1/2-1/2

[Event "South Wales Autumn op"]
[Site "Wales"]
[Date "2014.10.12"]
[Round "4"]
[White "McLaren, Thomas"]
[Black "Chwieseni, Edward"]
[Result "0-1"]
[WhiteElo "1444"]
[BlackElo "1739"]
[PlyCount "182"]
[EventDate "2014.10.10"]
[EventType "swiss"]
[EventRounds "5"]
[EventCountry "WLS"]
[SourceTitle "EXT 2016"]
[Source "ChessBase"]
[SourceDate "2015.10.08"]
[SourceVersion "1"]
[SourceVersionDate "2015.10.08"]
[SourceQuality "1"]

1. c4 Nf6 2. g3 g6 3. Bg2 Bg7 4. Nc3 0-0 5. Rb1 c6 6. b4 d5 7. cxd5 Nxd5 8. Nxd5 cxd5 9. Bb2 Bxb2 10. Rxb2 e6 11. Nf3 Qf6 12. Qb3 Nc6 13. 0-0 Nd4 14. Nxd4 Qxd4 15. Rc1 Qe5 16. Bf1 Bd7 17. Rbc2 Rfc8 18. Rxc8+ Rxc8 19. Rxc8+ Bxc8 20. Qa4 Kg7 21. Qxa7 Qd6 22. Qd4+ e5 23. Qc3 Be6 24. Qb2 d4 25. d3 Qc6 26. Qa3 Qc3 27. Qa5 f6 28. a3 Qc1 29. Qc5 Qxc5 30. bxc5 Kf7 31. Bg2 Bc8 32. e3 Ke7 33. Kf1 Kd8 34. Ke2 Kc7 35. Bd5 Bd7 36. exd4 exd4 37. Kf3 b6 38. cxb6+ Kxb6 39. Bg8 h6 40. Bd5 Kc5 41. Be4 g5 42. Bg6 Kd5 43. g4 Ke5 44. Bf5 Bc6+ 45. Kg3 Bb5 46. f3 Bc6 47. Be4 Bb5 48. h4 Bd7 49. hxg5 hxg5 50. Kf2 Kf4 51. Ke2 Bb5 52. Kd2 Ba4 53. Kc1 Ke3 54. Kb2 Kd2 55. Bf5 Bb5 56. Be4 Bxd3 57. Bxd3 Kxd3 58. a4 Ke2 59. a5 d3 60. a6 d2 61. a7 d1Q 62. a8Q Qd2+ 63. Ka1 Qc3+ 64. Kb1 Qxf3 65. Qa2+ Kf1 66. Qc4+ Kg2 67. Qf7 Kg3 68. Qe6 Qxg4 69. Qxf6 Qe4+ 70. Ka1 g4 71. Qd6+ Kf3 72. Qa3+ Qe3 73. Qf8+ Ke2 74. Qc8 g3 75. Qc2+ Kf1 76. Qf5+ Qf2 77. Qd3+ Kg1 78. Qh7 g2 79. Kb1 Qg3 80. Qa7+ Kh1 81. Qh7+ Qh2 82. Qb7 Qg1+ 83. Ka2 Qf2+ 84. Ka3 Qg3+ 85. Ka2 Kh2 86. Qh7+ Qh3 87. Qc7+ Kh1 88. Qb7 Qe6+ 89. Ka3 Qg6 90. Qf3 Kh2 91. Qf2 Qg3+ 0-1

[Event "NATO-ch 23nd"]
[Site "Brest"]
[Date "2012.10.02"]
[Round "3"]
[White "Chwieseni, Edward"]
[Black "Ghiacy, Jelani"]
[Result "0-1"]
[WhiteElo "1794"]
[BlackElo "1193"]
[PlyCount "90"]
[EventDate "2012.10.01"]
[EventType "swiss"]
[EventRounds "7"]
[EventCountry "FRA"]
[SourceTitle "CBM 150 Extra"]
[Source "ChessBase"]
[SourceDate "2012.10.19"]
[SourceVersion "1"]
[SourceVersionDate "2012.10.19"]
[SourceQuality "1"]

1. e4 e5 2. Nf3 d6 3. Bc4 h6 4. b3 Nf6 5. Nc3 a6 6. d4 exd4 7. Qxd4 Nc6 8. Qd2 b5 9. Bd5 Bd7 10. 0-0 Rb8 11. Re1 Ne5 12. Nxe5 dxe5 13. f4 Bc5+ 14. Kh1 Bd4 15. fxe5 Bxe5 16. b4 0-0 17. Rb1 Qe7 18. Nd1 Rbd8 19. Nf2 Ng4 20. h3 Qh4 21. Nxg4 Bxg4 22. Bb2 Bxb2 23. Rxb2 c6 24. Kg1 Bc8 25. Rb3 cxd5 26. exd5 Rd6 27. Rbe3 Qd8 28. Re5 Bb7 29. Rd1 Qd7 30. a4 Rd8 31. axb5 axb5 32. Qe3 Bxd5 33. Re7 Qc6 34. Qf2 Bc4 35. Rde1 Rg6 36. g4 Qd6 37. R7e5 Rf6 38. Qc5 Qxc5+ 39. bxc5 Rc6 40. Re8+ Rxe8 41. Rxe8+ Kh7 42. Re5 f6 43. Rf5 Kg8 44. Kf2 g6 45. Rf4 Kf7 0-1

[Event "NATO-ch 22nd"]
[Site "Kaunas"]
[Date "2011.08.08"]
[Round "1"]
[White "Chwieseni, Edward"]
[Black "Kapral, Krzysztof"]
[Result "0-1"]
[WhiteElo "1960"]
[BlackElo "2157"]
[PlyCount "66"]
[EventDate "2011.08.08"]
[EventType "swiss"]
[EventRounds "7"]
[EventCountry "LTU"]
[SourceTitle "CBM 143 Extra"]
[Source "ChessBase"]
[SourceDate "2011.08.29"]
[SourceVersion "1"]
[SourceVersionDate "2011.08.29"]
[SourceQuality "1"]

1. e4 c5 2. Nf3 Nc6 3. Bc4 e6 4. c3 d5 5. exd5 exd5 6. Bb5 Bd6 7. d4 Nge7 8. Be3 Nf5 9. Ne5 Bxe5 10. dxe5 Nxe3 11. fxe3 0-0 12. Bxc6 bxc6 13. 0-0 Qg5 14. Qf3 Qxe5 15. Nd2 Ba6 16. Rf2 Rae8 17. Re1 f5 18. g3 Bd3 19. Nb3 Qe7 20. Na5 Rf6 21. Nxc6 Qd7 22. Nxa7 Be4 23. Qe2 Qxa7 24. b4 c4 25. Qb2 Bd3 26. Rf3 Ra6 27. Rf2 Rxe3 28. Rxe3 Qxe3 29. b5 Qe1+ 30. Kg2 Be4+ 31. Rf3 Qd1 32. bxa6 Qxf3+ 33. Kg1 Qh1+ 0-1

[Event "NATO-ch 21st"]
[Site "Koge"]
[Date "2010.10.19"]
[Round "3"]
[White "Kacevicius, Dangiras"]
[Black "Chwieseni, Edward"]
[Result "1/2-1/2"]
[WhiteElo "1730"]
[BlackElo "1800"]
[PlyCount "132"]
[EventDate "2010.10.18"]
[EventType "swiss"]
[EventRounds "7"]
[EventCountry "DEN"]
[SourceTitle "EXT 2011"]
[Source "ChessBase"]
[SourceDate "2010.11.26"]
[SourceVersion "1"]
[SourceVersionDate "2010.11.26"]
[SourceQuality "1"]

1. d4 Nf6 2. Nf3 e6 3. c4 Bb4+ 4. Bd2 Nc6 5. e3 d5 6. Ne5 Bxd2+ 7. Qxd2 Ne4 8. Qc2 Nxe5 9. dxe5 c6 10. g3 Qa5+ 11. Nd2 Qxd2+ 12. Qxd2 Nxd2 13. Kxd2 Bd7 14. Rd1 0-0-0 15. c5 Kc7 16. b4 b6 17. Rc1 a6 18. Rc2 b5 19. Bd3 Rhf8 20. Ra1 f6 21. exf6 Rxf6 22. Kc3 e5 23. a3 Bf5 24. Bxf5 Rxf5 25. a4 d4+ 26. Kd3 dxe3+ 27. Kxe3 Rd4 28. Rb2 Kb7 29. f4 Rc4 30. fxe5 Rxe5+ 31. Kf3 Ree4 32. axb5 axb5 33. Rba2 Red4 34. Ra7+ Kc8 35. Ra8+ Kd7 36. R1a7+ Ke6 37. Rxg7 Rc3+ 38. Kg2 Rxb4 39. Rxh7 Rxc5 40. Re8+ Kd5 41. Rhe7 Rc2+ 42. Re2 Rxe2+ 43. Rxe2 Re4 44. Rd2+ Rd4 45. Rb2 Rd3 46. h4 Kc4 47. Rc2+ Kd5 48. h5 b4 49. Kh3 b3 50. Rb2 Kc4 51. h6 Rd7 52. g4 Kc3 53. Rxb3+ Kxb3 54. g5 c5 55. g6 c4 56. h7 Rxh7+ 57. gxh7 c3 58. h8Q Kc2 59. Qd4 Kb3 60. Qd1+ Kb2 61. Kg3 c2 62. Qd2 Kb1 63. Qb4+ Ka1 64. Qa3+ Kb1 65. Qb3+ Ka1 66. Qc3+ Kb1 1/2-1/2

[Event "NATO-ch 21st"]
[Site "Koge"]
[Date "2010.10.18"]
[Round "1"]
[White "Kapral, Krzysztof"]
[Black "Chwieseni, Edward"]
[Result "1-0"]
[WhiteElo "2127"]
[BlackElo "1800"]
[PlyCount "93"]
[EventDate "2010.10.18"]
[EventType "swiss"]
[EventRounds "7"]
[EventCountry "DEN"]
[SourceTitle "EXT 2011"]
[Source "ChessBase"]
[SourceDate "2010.11.26"]
[SourceVersion "1"]
[SourceVersionDate "2010.11.26"]
[SourceQuality "1"]

1. d4 d5 2. Nf3 Nf6 3. c4 Bf5 4. Nc3 e6 5. Bg5 Be7 6. Qb3 b6 7. Bxf6 Bxf6 8. cxd5 exd5 9. Qxd5 Qxd5 10. Nxd5 Bd8 11. Nd2 c6 12. Nc3 Bc7 13. g3 Bd7 14. Bg2 Na6 15. Nb5 0-0 16. Nxc7 Nxc7 17. 0-0 Rad8 18. Rfc1 Ne6 19. e3 c5 20. d5 Nc7 21. Nc4 Bb5 22. Na3 Ba6 23. Rd1 Rd6 24. e4 f6 25. Bf1 Bb7 26. Nc4 Rdd8 27. Ne3 g6 28. a4 f5 29. d6 Ne8 30. e5 f4 31. Bc4+ Kg7 32. Nd5 fxg3 33. hxg3 Rf5 34. f4 g5 35. Ne7 Rf8 36. f5 Be4 37. f6+ Nxf6 38. exf6+ Rxf6 39. Re1 Bg6 40. Nxg6 Kxg6 41. Bd3+ Kh6 42. Re7 Kh5 43. d7 Rd6 44. Bf5 h6 45. Kf2 g4 46. Rg7 Rd4 47. Rh1# 1-0